| 000 | 00895nam a22002297a 4500 | ||
|---|---|---|---|
| 003 | UA-OsUOA | ||
| 001 | 100348 | ||
| 007 | ta | ||
| 008 | 20130527b un ||||| |||| 00| 0 ukr d | ||
| 090 |
_a352/354(4) _bЕ90 |
||
| 942 | _cBK | ||
| 040 |
_aUA-OsUOA _bukr _cUA-OsUOA _dUA-OsUOA |
||
| 245 |
_aЕфективність державного управління в контексті європейської інтеграції _bматеріали щорічної науково-практичної конференції 23 січня 2004 р _cза заг. ред. Чемериса А. О. |
||
| 300 | _a332 с. | ||
| 955 | _a1 | ||
| 041 | _aukr | ||
| 080 | _a352/354(4) | ||
| 260 |
_aЛьвів _bЛРІДУ НАДУ _c2004 |
||
| 246 | 3 | 1 |
_a2 _n |
| 650 | 7 |
_a35 Державно-адміністративне управління. Військова справа _2UDC |
|
| 999 |
_c386589 _d386589 |
||